[Event "Basel Christmas op"]
[Site "Basel"]
[Date "2023.12.29"]
[Round "6"]
[White "Vignesh, NR."]
[Black "Weishaeutel, Moritz"]
[Result "1-0"]
[WhiteElo "2529"]
[BlackElo "2386"]
[PlyCount "105"]
[EventDate "2023.12.26"]
[EventType "swiss"]
[EventRounds "9"]
[EventCountry "SUI"]
[SourceTitle "CB02_2024"]
[SourceDate "2024.01.10"]
[SourceVersion "1"]
[SourceVersionDate "2024.01.10"]
[SourceQuality "1"]

1. Nf3 d5 2. g3 c5 3. Bg2 Nc6 4. 0-0 e5 5. d3 Be7 6. c4 d4 7. e3 Nf6 8. exd4 exd4 9. Bf4 0-0 10. Ne5 Nxe5 11. Bxe5 Ng4 12. Re1 Nxe5 13. Rxe5 Bd6 14. Re1 Bf5 15. Bd5 Qf6 16. Qf3 Qg6 17. Be4 Bxe4 18. Rxe4 f5 19. Re2 f4 20. Nd2 fxg3 21. Qd5+ Kh8 22. hxg3 Qxd3 23. Rae1 Rad8 24. Qxb7 Qg6 25. Qe4 Qh5 26. Kg2 h6 27. Qd3 Rd7 28. Ne4 Bc7 29. f4 Re7 30. Nf2 Ref7 31. Rh1 Qf5 32. Qxf5 Rxf5 33. Nd3 Bd6 34. Re6 R5f6 35. Rxf6 Rxf6 36. Rh5 Re6 37. Kf2 Re3 38. Nxc5 Bxc5 39. Rxc5 Rd3 40. Re5 Rd2+ 41. Re2 Rd1 42. Rc2 d3 43. Rc3 Rd2+ 44. Ke3 Rxb2 45. c5 d2 46. Ke2 Kg8 47. c6 Rb8 48. Kxd2 Rc8 49. Kd3 Kf7 50. Kd4 Ke6 51. Kc5 h5 52. Re3+ Kf5 53. Kd6 1-0

[Event "Basel Christmas op"]
[Site "Basel"]
[Date "2023.12.28"]
[Round "4"]
[White "Vignesh, NR."]
[Black "Lumachi, Gabriele"]
[Result "1/2-1/2"]
[WhiteElo "2529"]
[BlackElo "2395"]
[PlyCount "57"]
[EventDate "2023.12.26"]
[EventType "swiss"]
[EventRounds "9"]
[EventCountry "SUI"]
[SourceTitle "CB02_2024"]
[SourceDate "2024.01.10"]
[SourceVersion "1"]
[SourceVersionDate "2024.01.10"]
[SourceQuality "1"]

1. e4 e5 2. Nf3 Nf6 3. Nxe5 d6 4. Nf3 Nxe4 5. d4 d5 6. Bd3 Bd6 7. 0-0 0-0 8. c4 c6 9. Nc3 Nxc3 10. bxc3 dxc4 11. Bxc4 Bf5 12. Bg5 Qa5 13. Nh4 Be6 14. Bxe6 Qxg5 15. Nf3 Qa5 16. Bb3 Nd7 17. Qd3 Rae8 18. h4 g6 19. Rae1 Kg7 20. Ng5 Rxe1 21. Rxe1 Nf6 22. Rb1 b6 23. Qc4 Qf5 24. Re1 Ng4 25. Nf3 c5 26. Qe2 cxd4 27. Nxd4 Qe5 28. Qxe5+ Nxe5 29. Nb5 1/2-1/2

[Event "Sitges Sunway op 10th"]
[Site "Sitges"]
[Date "2023.12.22"]
[Round "10"]
[White "Vignesh, NR."]
[Black "Raja, Rithvik R"]
[Result "1/2-1/2"]
[WhiteElo "2529"]
[BlackElo "2500"]
[PlyCount "65"]
[EventDate "2023.12.12"]
[EventType "swiss"]
[EventRounds "10"]
[EventCountry "ESP"]
[SourceTitle "CB52_2023"]
[SourceDate "2023.12.27"]
[SourceVersion "1"]
[SourceVersionDate "2023.12.27"]
[SourceQuality "1"]

1. e4 e5 2. Nf3 Nf6 3. Nxe5 d6 4. Nf3 Nxe4 5. d4 d5 6. Bd3 Bd6 7. 0-0 0-0 8. c4 c6 9. Nc3 Nxc3 10. bxc3 dxc4 11. Bxc4 Bf5 12. Bg5 Qa5 13. Nh4 Be6 14. Bxe6 Qxg5 15. Nf3 Qa5 16. Bb3 Nd7 17. Qd3 Nf6 18. Rae1 g6 19. h4 Kg7 20. g3 Rad8 21. Re2 h6 22. Rfe1 Rfe8 23. Qc4 Qc7 24. Rxe8 Rxe8 25. Rxe8 Nxe8 26. h5 g5 27. Ne5 Bxe5 28. dxe5 Qe7 29. Qe4 Nd6 30. Qd4 Nf5 31. Qe4 Nd6 32. Qd4 Nf5 33. Qe4 1/2-1/2

[Event "Titled Tuesday intern op 14th Nov Early"]
[Site "Chess.com INT"]
[Date "2023.11.14"]
[Round "6"]
[White "Vignesh, NR."]
[Black "Terry, Renato"]
[Result "0-1"]
[WhiteElo "2529"]
[BlackElo "2503"]
[PlyCount "102"]
[EventDate "2023.11.14"]
[EventType "swiss (blitz)"]
[EventRounds "11"]
[EventCountry "USA"]
[SourceTitle "CB47_2023"]
[SourceDate "2023.11.22"]
[SourceVersion "1"]
[SourceVersionDate "2023.11.22"]
[SourceQuality "1"]

1. Nf3 d5 2. g3 Nf6 3. Bg2 c6 4. c4 Bf5 5. 0-0 e6 6. Qb3 Qb6 7. d3 Nbd7 8. Be3 Bc5 9. d4 Be7 10. Nc3 h6 11. c5 Qc7 12. Bf4 Qc8 13. Rac1 0-0 14. Rfd1 Nh5 15. Bd6 Bxd6 16. cxd6 Qb8 17. Qa3 Rd8 18. Ne5 Nhf6 19. Na4 Nb6 20. Nc5 Nc8 21. Nxb7 Qxb7 22. Rxc6 Nb6 23. Rc7 Qb8 24. Nxf7 Rd7 25. Rxd7 Nfxd7 26. Ne5 Qb7 27. b3 Rc8 28. Rc1 Kh7 29. h4 Nf6 30. Rxc8 Nxc8 31. Qc5 Nb6 32. Qc7 Qxc7 33. dxc7 Ne8 34. Nc6 a6 35. Ne7 Nxc7 36. Nxf5 exf5 37. e3 g5 38. hxg5 hxg5 39. Kf1 Kg6 40. Ke2 Kf6 41. Kd3 g4 42. a4 a5 43. Kc3 Na6 44. Bf1 Nb4 45. Bb5 Nc8 46. Be2 Nd6 47. Kd2 Ne4+ 48. Ke1 Nc2+ 49. Kd1 Nb4 50. Ke1 Ke6 51. Kf1 Nd2+ 0-1

[Event "Qatar Masters op"]
[Site "Doha"]
[Date "2023.10.19"]
[Round "8"]
[White "Vignesh, NR."]
[Black "Aryan, Chopra"]
[Result "1/2-1/2"]
[WhiteElo "2527"]
[BlackElo "2634"]
[PlyCount "85"]
[EventDate "2023.10.11"]
[EventType "swiss"]
[EventRounds "9"]
[EventCountry "QAT"]
[SourceTitle "Mega2024 Update 01"]
[Source "Chessbase"]
[SourceDate "2023.11.12"]
[SourceVersion "1"]
[SourceVersionDate "2023.11.12"]
[SourceQuality "1"]

1. e4 c5 2. Nf3 e6 3. g3 Nc6 4. Bg2 Nf6 5. Qe2 e5 6. 0-0 Be7 7. c3 0-0 8. Na3 Re8 9. d3 h6 10. Nc4 Bf8 11. Re1 d6 12. a4 Be6 13. Bd2 a6 14. b4 b5 15. Na3 bxa4 16. bxc5 d5 17. exd5 Bxd5 18. Be3 e4 19. dxe4 Bxe4 20. Nc4 Nd5 21. Nb6 Rb8 22. Nxa4 Nxe3 23. Qxe3 Qf6 24. Qf4 Qxf4 25. gxf4 Na5 26. Nd4 Bxg2 27. Kxg2 Red8 28. c6 Rdc8 29. Nb6 Rxb6 30. Rxa5 g6 31. Rae5 Rbb8 32. f5 Bg7 33. Rc5 Rb6 34. fxg6 Bxd4 35. gxf7+ Kxf7 36. cxd4 Rcxc6 37. Rxc6 Rxc6 38. d5 Rd6 39. Rd1 Kf6 40. f4 a5 41. Kf3 a4 42. Ke4 a3 43. Rd2 1/2-1/2

[Event "Qatar Masters op"]
[Site "Doha"]
[Date "2023.10.17"]
[Round "6"]
[White "Vignesh, NR."]
[Black "Tan, Jun Ying"]
[Result "1/2-1/2"]
[WhiteElo "2527"]
[BlackElo "2250"]
[PlyCount "96"]
[EventDate "2023.10.11"]
[EventType "swiss"]
[EventRounds "9"]
[EventCountry "QAT"]
[SourceTitle "Mega2024 Update 01"]
[Source "Chessbase"]
[SourceDate "2023.11.12"]
[SourceVersion "1"]
[SourceVersionDate "2023.11.12"]
[SourceQuality "1"]

1. e4 c6 2. Nc3 d5 3. Nf3 Bg4 4. h3 Bxf3 5. Qxf3 e6 6. Be2 Bc5 7. Qg3 Bd4 8. exd5 exd5 9. 0-0 Ne7 10. Qg4 Bf6 11. d4 Qd7 12. Qf4 Ng6 13. Qd2 0-0 14. Bg4 Qc7 15. Ne2 Nd7 16. Ng3 Nb6 17. Nh5 Be7 18. Qd3 Rfe8 19. f4 Nf8 20. f5 Nbd7 21. Bf4 Qd8 22. Qb3 Qb6 23. Rad1 Qxb3 24. axb3 Nf6 25. Nxf6+ Bxf6 26. Bf3 Rad8 27. g3 g5 28. Bc1 Nd7 29. Kg2 Kg7 30. Rd3 Nb6 31. h4 h6 32. Rh1 Rh8 33. Bd2 Nc8 34. hxg5 hxg5 35. Rxh8 Rxh8 36. g4 Nd6 37. Be1 Re8 38. Bg3 Ne4 39. Bh2 Rh8 40. c3 Rh4 41. Bb8 a6 42. c4 Rh8 43. Be5 Rd8 44. cxd5 cxd5 45. Bxf6+ Kxf6 46. Bxe4 dxe4 47. Rd1 Rd5 48. Rd3 Rd8 1/2-1/2

[Event "Titled Tuesday intern op 05th Sep Early"]
[Site "Chess.com INT"]
[Date "2023.09.05"]
[Round "8"]
[White "Aswath, S."]
[Black "Vignesh, NR."]
[Result "1/2-1/2"]
[WhiteElo "2335"]
[BlackElo "2527"]
[PlyCount "161"]
[EventDate "2023.09.05"]
[EventType "swiss (blitz)"]
[EventRounds "11"]
[EventCountry "USA"]
[SourceTitle "EXT 2024"]
[Source "ChessBase"]
[SourceDate "2023.10.10"]
[SourceVersion "1"]
[SourceVersionDate "2023.10.10"]
[SourceQuality "1"]

1. d4 Nf6 2. c4 e6 3. g3 a6 4. Bg2 d5 5. Nf3 dxc4 6. 0-0 Nc6 7. a4 Rb8 8. Nbd2 b5 9. axb5 axb5 10. Ne5 Nxe5 11. dxe5 Nd7 12. Ne4 Be7 13. f4 Bb7 14. Qc2 0-0 15. Rd1 Qc8 16. Be3 Rd8 17. Kh1 g6 18. Rd2 Bd5 19. Rad1 Qb7 20. Rxd5 exd5 21. Rxd5 Qxd5 22. Ng5 Nb6 23. Bxd5 Nxd5 24. Bf2 Bxg5 25. fxg5 Re8 26. Qe4 c6 27. Kg2 Re6 28. Bd4 Rbe8 29. h4 Ne7 30. g4 c5 31. Bxc5 Nc6 32. Bd4 Nxd4 33. Qxd4 Rxe5 34. e3 Rxe3 35. h5 Re2+ 36. Kf1 R2e4 37. Qf6 Re1+ 38. Kg2 R8e2+ 39. Kf3 Re3+ 40. Kf2 Re6 41. Qd8+ Re8 42. Qf6 R1e6 43. Qc3 Re2+ 44. Kf3 gxh5 45. gxh5 h6 46. gxh6 R2e3+ 47. Qxe3 Rxe3+ 48. Kxe3 b4 49. Kd4 c3 50. bxc3 bxc3 51. Kxc3 Kh7 52. Kd4 Kxh6 53. Ke5 Kg5 54. h6 Kg6 55. h7 Kxh7 56. Kf6 Kg8 57. Kf5 Kg7 58. Kg5 Kf8 59. Kf6 Ke8 60. Kf5 Ke7 61. Ke5 f6+ 62. Kf5 Kf7 63. Kf4 Ke6 64. Ke4 f5+ 65. Kf4 Kf6 66. Kf3 Ke5 67. Ke3 f4+ 68. Kf3 Kf5 69. Kf2 Kg4 70. Kg2 f3+ 71. Kf2 Kf4 72. Kf1 Ke3 73. Ke1 Ke4 74. Kf1 Kf4 75. Kf2 Kg4 76. Kf1 Kg5 77. Kf2 Kf4 78. Kf1 Kg3 79. Kg1 f2+ 80. Kf1 Kf4 81. Kxf2 1/2-1/2

[Event "Titled Tuesday intern op 05th Sep Early"]
[Site "Chess.com INT"]
[Date "2023.09.05"]
[Round "3"]
[White "Vignesh, NR."]
[Black "Nakamura, Hikaru"]
[Result "0-1"]
[WhiteElo "2527"]
[BlackElo "2780"]
[PlyCount "142"]
[EventDate "2023.09.05"]
[EventType "swiss (blitz)"]
[EventRounds "11"]
[EventCountry "USA"]
[SourceTitle "EXT 2024"]
[Source "ChessBase"]
[SourceDate "2023.10.10"]
[SourceVersion "1"]
[SourceVersionDate "2023.10.10"]
[SourceQuality "1"]

1. e4 a6 2. a4 c5 3. Nf3 Nc6 4. Nc3 Nf6 5. Bc4 e6 6. 0-0 d5 7. exd5 exd5 8. Re1+ Be7 9. Bf1 d4 10. Ne4 Nxe4 11. Rxe4 Be6 12. Rxe6 fxe6 13. Bc4 Qd6 14. Qe2 0-0-0 15. d3 Bf6 16. Nd2 Kb8 17. Ne4 Qe7 18. Bf4+ Ka7 19. a5 Rhe8 20. Qh5 e5 21. Bd2 g6 22. Qf3 Rf8 23. Qe2 Rde8 24. g3 h5 25. h4 Bg7 26. Bg5 Qc7 27. Nxc5 e4 28. Ne6 Rxe6 29. Bxe6 e3 30. Bf4 Be5 31. fxe3 Bxf4 32. exf4 Re8 33. Re1 Nd8 34. Qf2 Nxe6 35. Re5 Qd7 36. Re4 Rd8 37. b4 Ka8 38. f5 gxf5 39. Qxf5 Nc7 40. Qxd7 Rxd7 41. Re5 Rh7 42. Kg2 Kb8 43. g4 hxg4 44. Kg3 Kc8 45. Kxg4 Kd7 46. h5 Ne6 47. Re1 Ke7 48. Re5 Kd6 49. Rf5 Rg7+ 50. Kf3 Rg1 51. Ke2 Rh1 52. Rf7 Rxh5 53. Rxb7 Nc7 54. Rb6+ Kd5 55. Kd2 Rh2+ 56. Kc1 Re2 57. Kb2 Re6 58. Kb3 Rc6 59. Rxc6 Kxc6 60. c3 dxc3 61. Kxc3 Kd5 62. Kb3 Kd4 63. Kc2 Nd5 64. b5 axb5 65. Kb3 Kc5 66. d4+ Kxd4 67. a6 Kc5 68. a7 Nc7 69. Kc3 Kb6 70. Kb3 Kxa7 71. Kb4 Kb6 0-1

[Event "IND-ch 60th"]
[Site "Pune"]
[Date "2023.08.26"]
[Round "11"]
[White "Ghosh, Diptayan"]
[Black "Vignesh, NR."]
[Result "1/2-1/2"]
[WhiteElo "2568"]
[BlackElo "2501"]
[PlyCount "30"]
[EventDate "2023.08.16"]
[EventType "swiss"]
[EventRounds "11"]
[EventCountry "IND"]
[SourceTitle "EXT 2024"]
[Source "ChessBase"]
[SourceDate "2023.10.10"]
[SourceVersion "1"]
[SourceVersionDate "2023.10.10"]
[SourceQuality "1"]

1. d4 d5 2. c4 e6 3. Nf3 Nf6 4. g3 Be7 5. Bg2 0-0 6. 0-0 dxc4 7. Qc2 a6 8. Qxc4 b5 9. Qc2 Bb7 10. Bd2 Be4 11. Qc1 Bb7 12. Qc2 Be4 13. Qc1 Bb7 14. Qc2 Be4 15. Qc1 Bb7 1/2-1/2

[Event "IND-ch 60th"]
[Site "Pune"]
[Date "2023.08.20"]
[Round "5"]
[White "Sethuraman, SP."]
[Black "Vignesh, NR."]
[Result "1-0"]
[WhiteElo "2591"]
[BlackElo "2501"]
[PlyCount "85"]
[EventDate "2023.08.16"]
[EventType "swiss"]
[EventRounds "11"]
[EventCountry "IND"]
[SourceTitle "EXT 2024"]
[Source "ChessBase"]
[SourceDate "2023.10.10"]
[SourceVersion "1"]
[SourceVersionDate "2023.10.10"]
[SourceQuality "1"]

1. e4 c5 2. Nf3 d6 3. d4 cxd4 4. Nxd4 Nf6 5. Nc3 a6 6. Qd3 Nbd7 7. Be2 b6 8. Bg5 Bb7 9. 0-0-0 e6 10. f4 Be7 11. Bf3 Qc7 12. Rhe1 0-0 13. h4 Rfd8 14. Qe3 h6 15. e5 hxg5 16. exf6 gxf4 17. Nxe6 fxe3 18. Nxc7 Bxf6 19. Nxa8 Bxf3 20. gxf3 Bxc3 21. bxc3 Rxa8 22. Rxe3 Ne5 23. f4 Nc4 24. Re7 Rc8 25. Rd5 Kf8 26. Re4 b5 27. h5 Rc6 28. Re2 Nb6 29. Rd3 Nd7 30. Red2 Ke7 31. Re3+ Kf8 32. Rd5 Nf6 33. Rf5 d5 34. Kb2 Rd6 35. Rh3 Ng8 36. Rg5 f6 37. Rg2 Nh6 38. Rd3 Nf5 39. Kb3 a5 40. a4 bxa4+ 41. Kxa4 Kf7 42. c4 d4 43. c5 1-0

[Event "IND-ch 60th"]
[Site "Pune"]
[Date "2023.08.16"]
[Round "1"]
[White "Mithiran, A."]
[Black "Vignesh, NR."]
[Result "0-1"]
[WhiteElo "1677"]
[BlackElo "2501"]
[PlyCount "72"]
[EventDate "2023.08.16"]
[EventType "swiss"]
[EventRounds "11"]
[EventCountry "IND"]
[SourceTitle "EXT 2024"]
[Source "ChessBase"]
[SourceDate "2023.10.10"]
[SourceVersion "1"]
[SourceVersionDate "2023.10.10"]
[SourceQuality "1"]

1. e4 e5 2. Nf3 Nc6 3. Bb5 a6 4. Ba4 Nf6 5. 0-0 b5 6. Bb3 Bc5 7. c3 d6 8. d4 Bb6 9. Bg5 h6 10. Bh4 Bb7 11. Re1 g5 12. Bg3 0-0 13. dxe5 dxe5 14. Nbd2 Re8 15. Qe2 Nh5 16. Nf1 Nf4 17. Qc2 Qd3 18. Ne3 Qxc2 19. Bxc2 Bxe3 20. fxe3 Nh5 21. Rad1 Rad8 22. Rd5 Nxg3 23. hxg3 Na5 24. Rxd8 Rxd8 25. Nxe5 Rd2 26. Rc1 Nc4 27. Nxc4 bxc4 28. g4 Kg7 29. b3 Re2 30. bxc4 Rxe3 31. Bd1 Re1+ 32. Kf2 Rh1 33. Ke3 Bc6 34. Rb1 Re1+ 35. Kd4 Bxe4 36. Rb2 c5+ 0-1

[Event "Leca da Palmeira 2nd"]
[Site "Leca da Palmeira"]
[Date "2023.07.31"]
[Round "1"]
[White "Vignesh, NR."]
[Black "Margarido, Jose Miguel Teixeir"]
[Result "1-0"]
[WhiteElo "2495"]
[BlackElo "2100"]
[PlyCount "59"]
[EventDate "2023.07.31"]
[EventType "swiss"]
[EventRounds "9"]
[EventCountry "POR"]
[SourceTitle "CBM 215 Extra"]
[Source "ChessBase"]
[SourceDate "2023.09.30"]
[SourceVersion "1"]
[SourceVersionDate "2023.09.30"]
[SourceQuality "1"]

1. d4 d5 2. c4 e6 3. Nf3 Nf6 4. Nc3 a6 5. c5 b6 6. cxb6 cxb6 7. Bf4 Be7 8. e3 0-0 9. Bd3 Bb7 10. 0-0 Nbd7 11. h3 b5 12. a4 b4 13. Nb1 a5 14. Nbd2 Qb6 15. Nb3 Ba6 16. Qe2 Bxd3 17. Qxd3 Rfc8 18. Rfc1 h6 19. Rxc8+ Rxc8 20. Qb5 Bd8 21. Ne5 Nxe5 22. Bxe5 Kf8 23. Nc5 Qxb5 24. axb5 Ke7 25. Nb7 Rc4 26. Nxa5 Bxa5 27. Rxa5 b3 28. Ra7+ Nd7 29. b6 Rb4 30. b7 1-0

[Event "Pontevedra op 11th"]
[Site "Pontevedra"]
[Date "2023.07.30"]
[Round "9"]
[White "Vignesh, NR."]
[Black "Espinosa Veloz, Ermes"]
[Result "1/2-1/2"]
[WhiteElo "2495"]
[BlackElo "2498"]
[PlyCount "49"]
[EventDate "2023.07.24"]
[EventType "swiss"]
[EventRounds "9"]
[EventCountry "ESP"]
[SourceTitle "CBM 215 Extra"]
[Source "ChessBase"]
[SourceDate "2023.09.30"]
[SourceVersion "1"]
[SourceVersionDate "2023.09.30"]
[SourceQuality "1"]

1. e4 e5 2. Nf3 Nc6 3. Bb5 Bc5 4. c3 Nf6 5. d4 exd4 6. e5 Ne4 7. 0-0 d5 8. cxd4 Bb6 9. h3 0-0 10. Nc3 Bf5 11. Be3 Nxc3 12. bxc3 Ne7 13. Bd3 Qd7 14. g4 Bxd3 15. Qxd3 Ng6 16. Rae1 f5 17. exf6 gxf6 18. Bh6 Rfe8 19. Re3 c6 20. Rfe1 Kf7 21. Nh4 Rxe3 22. Rxe3 Re8 23. Nf5 Bc7 24. h4 Rxe3 25. Bxe3 1/2-1/2

[Event "Pontevedra op 11th"]
[Site "Pontevedra"]
[Date "2023.07.27"]
[Round "5"]
[White "Martinez Ramirez, Lennis"]
[Black "Vignesh, NR."]
[Result "1/2-1/2"]
[WhiteElo "2426"]
[BlackElo "2495"]
[PlyCount "92"]
[EventDate "2023.07.24"]
[EventType "swiss"]
[EventRounds "9"]
[EventCountry "ESP"]
[SourceTitle "CBM 215 Extra"]
[Source "ChessBase"]
[SourceDate "2023.09.30"]
[SourceVersion "1"]
[SourceVersionDate "2023.09.30"]
[SourceQuality "1"]

1. Nf3 d5 2. g3 g6 3. c4 dxc4 4. Bg2 Bg7 5. 0-0 Nc6 6. Na3 e5 7. Nxc4 Nge7 8. d3 0-0 9. Bd2 Be6 10. Rc1 a5 11. b3 f6 12. a3 Nd5 13. e4 Nb6 14. Be3 Nxc4 15. bxc4 Qd7 16. d4 exd4 17. Nxd4 Nxd4 18. Qxd4 Qxd4 19. Bxd4 Rfd8 20. Rfd1 Rd7 21. Bf3 Rad8 22. Bc3 Rxd1+ 23. Rxd1 Rxd1+ 24. Bxd1 b6 25. c5 Bf8 26. cxb6 cxb6 27. a4 Kf7 28. Bd4 Bc5 29. Bxc5 bxc5 30. f4 g5 31. Kf2 gxf4 32. gxf4 Ba2 33. Ke3 Ke6 34. Bc2 Kd6 35. Kd3 h6 36. Kc3 Bf7 37. Bd3 Be8 38. Bb5 Bg6 39. Kd3 Bf7 40. Bc4 Be8 41. Bb3 Bd7 42. Kc3 Be8 43. Bc2 Bf7 44. h4 Be6 45. Bd1 Bf7 46. Bc2 Be6 1/2-1/2

[Event "Pontevedra op 11th"]
[Site "Pontevedra"]
[Date "2023.07.27"]
[Round "6"]
[White "Vignesh, NR."]
[Black "Krishna, C Revanth Gopala"]
[Result "1-0"]
[WhiteElo "2495"]
[BlackElo "2409"]
[PlyCount "89"]
[EventDate "2023.07.24"]
[EventType "swiss"]
[EventRounds "9"]
[EventCountry "ESP"]
[SourceTitle "CBM 215 Extra"]
[Source "ChessBase"]
[SourceDate "2023.09.30"]
[SourceVersion "1"]
[SourceVersionDate "2023.09.30"]
[SourceQuality "1"]

1. e4 e6 2. d4 d5 3. e5 c5 4. c3 Nc6 5. Nf3 Nge7 6. Na3 cxd4 7. cxd4 Nf5 8. Nc2 Be7 9. Bd3 Bd7 10. 0-0 h5 11. Bd2 a5 12. a3 a4 13. Bc3 Qb6 14. Rb1 Rc8 15. Qd2 Ra8 16. Bxf5 exf5 17. h4 Na5 18. Bb4 Nb3 19. Qf4 Qh6 20. Ng5 Bxg5 21. hxg5 Qc6 22. Na1 Nxa1 23. Rxa1 Qe6 24. Rfc1 Bc6 25. Rc3 g6 26. Rac1 Kd7 27. Bd6 Ra6 28. b4 axb3 29. Rxb3 Ra7 30. Qd2 Rc8 31. Qb2 Qe8 32. Bc5 Ra4 33. Rxb7+ Bxb7 34. Qxb7+ Ke6 35. Rb1 f4 36. Rb6+ Kf5 37. Qxd5 Kxg5 38. e6+ f5 39. e7 h4 40. Qe6 Ra7 41. Qf6+ Kh5 42. Qg7 Rd7 43. Rf6 Rxc5 44. Qh7+ Kg5 45. Rxg6+ 1-0